000 00355nam a22001331a 4500
020 _a9788189320102
082 _a091
_bBAN/N
100 _aBanerjee A
245 _aA new theory and the origin and evolution of brahmi alphabet/
_cby Banerjee A
260 _aNew Delhi:
_bBlack & White,
_c2006.
300 _a118p.
650 _aManuscriptology
942 _cBK
999 _c31320
_d31320